| 000 | 00468nam a2200181 a 4500 | ||
|---|---|---|---|
| 005 | 20140310183252.0 | ||
| 008 | 041020s19uu xx 00 eng d | ||
| 020 | _a9780072556803 | ||
| 050 |
_aQR 41.2 _b.H285 2005 |
||
| 100 | _aHarley, John P. | ||
| 245 |
_aMicrobiolgy / _cJohn P. Harley. |
||
| 250 | _a6th ed. | ||
| 260 |
_aNew York : _bMcGraw-Hill, _c2005. |
||
| 300 |
_a466 p. : _c27 cm. |
||
| 650 | _aMicrobiolgy. | ||
| 942 |
_cBK _2lcc _kFOR |
||
| 999 |
_c20800 _d20800 |
||